| 000 | 03190cam a22006494i 4500 | ||
|---|---|---|---|
| 001 | u38153 | ||
| 003 | PE-LiUPU | ||
| 005 | 20250731170442.0 | ||
| 008 | 150625s2005 sp a rb 000 0 spa d | ||
| 020 | _a8436819500 | ||
| 020 | _a9788436819502 | ||
| 035 | _a(Sirsi) i9788436819502 | ||
| 040 |
_aPE-LiUPU _bspa _cPE-LiUPU _dPE-LiUPU _erda |
||
| 049 | _aPRUA | ||
| 082 | 0 | 4 |
_a159.97 _bR63 _221 |
| 100 | 1 |
_aRío Sánchez, Carmen del, _eautor. |
|
| 245 | 1 | 0 |
_aGuía de ética profesional en psicología clínica / _cCarmen Del Río Sánchez. |
| 264 | 1 |
_aMadrid : _bPirámide, _c2005. |
|
| 300 |
_a206 páginas : _bilustraciones ; _c24 centímetros |
||
| 336 |
_atext _2rdacontent |
||
| 337 |
_aunmediated _2rdamedia |
||
| 338 |
_avolume _2rdacarrier |
||
| 490 | 0 | _aColección "Psicología" | |
| 504 | _aBibliografía: páginas 189-206. | ||
| 505 | 0 | _aDeontología, ética profesional y bioética -- Los códigos deontológicos -- La toma de decisiones éticas -- La responsabilidad legal del psicólogo -- La mala práctica del psicólogo clínico -- El régimen disciplinario colegial -- Normas o reglas éticas y/o deontológicas que deben regir en la práctica adecuada de la psicología clínica -- La salud mental de los psicólogos -- Transgresiones de los límites: las relaciones duales o múltiples -- Aspectos éticos de la evaluación psicológica -- Aspectos éticos de las intervenciones psicoterapéuticas -- Aspectos éticos de las evaluaciones forenses -- Aspectos éticos de la intervención con menores -- aspectos éticos de la intervención psicológica mediante internet -- Aspectos éticos de la investigación en psicología clínica -- La docencia de la ética profesional en la licenciatura de psicología. | |
| 526 | _aSEG68 | ||
| 526 | _aSEG70 | ||
| 526 | _aSEG69 | ||
| 526 | _aSEG67 | ||
| 526 | _aSEG43 | ||
| 526 | _aP144 | ||
| 526 | _aP143 | ||
| 526 | _aP131 | ||
| 526 | _aP122 | ||
| 526 | _aP120 | ||
| 526 | _aP117 | ||
| 526 | _aP112 | ||
| 526 | _aP110 | ||
| 526 | _aP106 | ||
| 526 | _aP101 | ||
| 526 | _aP80 | ||
| 526 | _aP59 | ||
| 526 | _aP54 | ||
| 526 | _aP35 | ||
| 526 | _aP33 | ||
| 526 | _aP30 | ||
| 596 | _a1 2 | ||
| 650 | 0 | 4 |
_aPsicólogos _xMoral profesional. |
| 942 |
_2ddc _cBOOK |
||
| 949 |
_a159.97 R63 2005 _wDEWEY _c1 _iFT02214 _d2018-5-30 _e2018-5-30 _lCCODEBUT1 _mBUT _n1 _p38.00 _r0 _sY _tBOOK _u2015-10-13 _xSALUD _PP33 _0COMPRA _o.STAFF. Colección General |
||
| 949 |
_a159.97 R63 _wDEWEY _c1 _i57323 _d2018-4-5 _e2018-3-22 _f2018-2-11 _g2 _lCCODEBUL1 _mBUL _n7 _p38.00 _q2 _r0 _sY _tBOOK _u2015-6-25 _xSALUD _PP33 _0COMPRA _o.STAFF. CColección Ciencias de la Salud |
||
| 994 |
_aC0 _bPEPRU |
||
| 999 |
_a159.97 R63 _wDEWEY _c46406 _i57323 _d46406 _e2022-6-17 _f2021-11-3 _g5 _lCCODEBUL1 _mBUL _n9 _p38.00 _q4 _r0 _sY _tBOOK _u2015-6-25 _xSALUD _zP33 _0COMPRA _o.STAFF. CColección Ciencias de la Salud |
||
| 999 |
_a159.97 R63 2005 _wDEWEY _c1 _iFT02214 _d2018-5-30 _e2018-5-30 _f2019-2-20 _g1 _lCCODEBUT1 _mBUT _n1 _p38.00 _r0 _sY _tBOOK _u2015-10-13 _xSALUD _PP33 _0COMPRA _o.STAFF. Colección General |
||
| 980 |
_81 _gALBERTO SANCHEZ Responsable de Automatización |
||